Sports Quiz

Random Sports or Football Quiz

NFL Rookie Quarterbacks Quiz Stats

 Plays Quiz Updated Nov 4, 2018

Challenge
Share
Tweet
Embed
Score 0/90 Timer 08:00
1 Play Today
Year Player % Correct
2008Joe Flacco
87.9%
2008Matt Ryan
87.1%
1998Peyton Manning
86.9%
2009Mark Sanchez
86.5%
1971Archie Manning
85.8%
2011Cam Newton
85.7%
2012Russell Wilson
85.5%
2014Derek Carr
85.4%
2012Andrew Luck
85.3%
2009Matt Stafford
85.2%
2012Robert Griffin III
84.2%
2016Dak Prescott
84.1%
2015Jameis Winston
83.3%
2016Carson Wentz
83%
2015Marcus Mariota
81.7%
2014Teddy Bridgewater
81.1%
2014Blake Bortles
81.1%
2006Vince Young
80.5%
2013Geno Smith
80.4%
2010Sam Bradford
79.2%
2012 Ryan Tannehill
76.4%
2017Mitch Trubisky
76.1%
2011Andy Dalton
75%
2004Ben Roethlisberger
74%
2009Josh Freeman
73.7%
2002David Carr
71.5%
2013EJ Manuel
69.7%
2017DeShone Kizer
69.4%
2011Christian Ponder
64.8%
1983Dan Marino
63.5%
Year Player % Correct
2006Matt Leinart
63.2%
1983John Elway
60.9%
2011Blaine Gabbert
60.4%
1993Drew Bledsoe
58%
1989Troy Aikman
56.9%
2005Kyle Orton
53.6%
1986Jim Kelly
51.7%
2003Byron Leftwich
51%
2007Trent Edwards
50.9%
1999Tim Couch
49.8%
1984Warren Moon
48.4%
2013Mike Glennon
48%
2012Brandon Weeden
46.7%
1998Ryan Leaf
46.1%
2010Colt McCoy
45.7%
1979Phil Simms
45.6%
2010Jimmy Clausen
45.6%
2002Joey Harrington
44%
1970Terry Bradshaw
43.6%
2016Cody Kessler
40%
1999Jeff Garcia
37.5%
2003Kyle Boller
36.3%
2001Quincy Carter
35%
1995Kerry Collins
34.8%
1990Jeff George
32.2%
1985Bernie Kosar
29.4%
1997Jake Plummer
27.2%
1982Jim McMahon
26.6%
2001Chris Weinke
24.8%
2006Bruce Gradkowski
23.2%
Year Player % Correct
1993Rick Mirer
21.8%
1978Doug Williams
20.9%
1991Neil O'Donnell
19.1%
1971Jim Plunkett
17.5%
1994Heath Shuler
17.4%
1998Charlie Batch
15.7%
1975Steve Grogan
15.6%
1976Jim Zorn
14.4%
1996Tony Banks
13.7%
1989Rodney Peete
13.6%
2002Chad Hutchinson
11.2%
1975Steve Bartkowski
10.8%
1978Steve DeBerg
10.4%
1973Joe Ferguson
10.1%
2006Andrew Walter
10.1%
1988Chris Chandler
9.5%
1980David Woodley
8.2%
1971Dan Pastorini
8%
1988Steve Beuerlein
5.9%
1986Jack Trudeau
4.4%
1976Pat Haden
4.4%
1985Dieter Brock
3.4%
1977Joe Pisarcik
2.4%
1982Mike Pagel
2.2%
1970Dennis Shaw
2.1%
1979Steve Fuller
1.9%
1971Scott Hunter
1.7%
1979Jeff Komlo
1.1%
1972John Reaves
0.9%
1974Tom Owen
0.9%

You're not logged in!

Compare scores with friends on all Sporcle quizzes.
OR
Log In

You Might Also Like...

Show Comments

Extras

Top Quizzes Today


Score Distribution

Your Account Isn't Verified!

In order to create a playlist on Sporcle, you need to verify the email address you used during registration. Go to your Sporcle Settings to finish the process.

Report this User

Report this user for behavior that violates our Community Guidelines.

Details: